000 00615nam a2200121Ia 4500
008 171212s9999 xx 000 0 und d
100 _aKhatchadourian, Lori
245 _cKhatchadourian, Lori
_aImperial Matter
_bAncient Persia and the Archaeology of Empires
260 _bUniversity of California Press
_c2016
650 _aArchaeology
650 _aImperialism -- Social aspects; Sovereignty; Archaeology and history -- Iran; Archaeology and history -- Caucasus, South; Architecture and state; Architecture and society; Commercial products -- Social aspects
856 _uhttp://jstor.org/stable/10.1525/j.ctt1ffjn7j
999 _c352971
_d352971